000 00416nam a22001217a 4500
040 _cRUA
082 _aACI អ៊ុក 2011 A126 Or.
100 _aអ៊ុក ម៉ាការា
245 _aបង្គុំបច្ចេកទេសបង្កើនផលិតភាពដំណាំស្រូវ
260 _aPHNOM PENH
_bRUA
_c2011
300 _avi,
_bill,
_c22cm,
942 _cសៀវភៅគោល
999 _c25393
_d25393